[Event "Moniek_Janssen's Schweizer System"]
[Site "T#646157Emanuel Laske"]
[Date "2020.05.18"]
[Round "4"]
[White "Don59as"]
[Black "SecantFX"]
[Result "1-0"]
[WhiteElo "2020"]
[BlackElo "1873"]
[Annotator "NA RC"]
[PlyCount "147"]
[EventDate "2020.05.18"]
[EventType "swiss (blitz)"]

1. c4 {[%emt 0:00:01]} b6 {[%emt 0:00:00]} 2. Nc3 {[%emt 0:00:01]} Bb7 {[%emt 0:00:00]} 3. e4 {[%emt 0:00:01]} g6 {[%emt 0:00:00]} 4. g3 {[%emt 0:00:00]} Bg7 {[%emt 0:00:00]} 5. Nge2 {[%emt 0:00:01]} e6 {[%emt 0:00:00]} 6. Bg2 {[%emt 0:00:01]} Ne7 {[%emt 0:00:00]} 7. O-O {[%emt 0:00:01]} O-O {[%emt 0:00:01]} 8. b3 {[%emt 0:00:01]} c6 {[%emt 0:00:00]} 9. Bb2 {[%emt 0:00:01]} d5 {[%emt 0:00:00]} 10. exd5 {[%emt 0:00:00]} cxd5 {[%emt 0:00:00]} 11. d4 {[%emt 0:00:02]} Nd7 {[%emt 0:00:01]} 12. Rc1 {[%emt 0:00:02]} Nf6 {[%emt 0:00:01]} 13. c5 {[%emt 0:00:01]} bxc5 {[%emt 0:00:01]} 14. dxc5 {[%emt 0:00:00]} Nc6 {[%emt 0:00:02]} 15. a3 {[%emt 0:00:01]} a6 {[%emt 0:00:01]} 16. b4 {[%emt 0:00:01]} Rb8 {[%emt 0:00:02]} 17. Na4 {[%emt 0:00:01]} Nd7 {[%emt 0:00:02]} 18. Bxg7 {[%emt 0:00:02]} Kxg7 {[%emt 0:00:00]} 19. Qc2 {[%emt 0:00:01]} f6 {[%emt 0:00:01]} 20. Rfd1 {[%emt 0:00:01]} Nde5 {[%emt 0:00:01]} 21. Nf4 {[%emt 0:00:02]} Qe7 {[%emt 0:00:01]} 22. Re1 {[%emt 0:00:02]} Rbd8 {[%emt 0:00:02]} 23. Rcd1 {[%emt 0:00:01]} g5 {[%emt 0:00:02]} 24. Nd3 {[%emt 0:00:01]} Nc4 {[%emt 0:00:03]} 25. Nb6 {[%emt 0:00:02]} Qf7 {[%emt 0:00:01]} 26. Nxc4 {[%emt 0:00:01]} dxc4 {[%emt 0:00:01]} 27. Qxc4 {[%emt 0:00:01]} Ne5 {[%emt 0:00:01]} 28. Nxe5 {[%emt 0:00:01]} fxe5 {[%emt 0:00:01]} 29. Bxb7 {[%emt 0:00:01]} Qxb7 {[%emt 0:00:01]} 30. Rxd8 {[%emt 0:00:01]} Rxd8 {[%emt 0:00:01]} 31. Qxe6 {[%emt 0:00:01]} Qf7 {[%emt 0:00:03]} 32. Qxe5+ {[%emt 0:00:01]} Kg6 {[%emt 0:00:01]} 33. Qe6+ {[%emt 0:00:01]} Kg7 {[%emt 0:00:03]} 34. Qxf7+ {[%emt 0:00:01]} Kxf7 {[%emt 0:00:01]} 35. Rb1 {[%emt 0:00:02]} Ke6 {[%emt 0:00:01]} 36. a4 {[%emt 0:00:01]} Ra8 {[%emt 0:00:02]} 37. b5 {[%emt 0:00:01]} axb5 {[%emt 0:00:01]} 38. axb5 {[%emt 0:00:00]} Kd5 {[%emt 0:00:01]} 39. c6 {[%emt 0:00:00]} Kd6 {[%emt 0:00:02]} 40. Kg2 {[%emt 0:00:00]} Rb8 {[%emt 0:00:01]} 41. Kf3 {[%emt 0:00:01]} Kc7 {[%emt 0:00:00]} 42. Kg4 {[%emt 0:00:01]} h6 {[%emt 0:00:00]} 43. Kh5 {[%emt 0:00:01]} Rh8 {[%emt 0:00:01]} 44. b6+ {[%emt 0:00:01]} Kxc6 {[%emt 0:00:01]} 45. b7 {[%emt 0:00:00]} Kc7 {[%emt 0:00:01]} 46. b8=Q+ {[%emt 0:00:03]} Rxb8 {[%emt 0:00:01]} 47. Rxb8 {[%emt 0:00:00]} Kxb8 {[%emt 0:00:00]} 48. Kxh6 {[%emt 0:00:00]} g4 {[%emt 0:00:00]} 49. Kg5 {[%emt 0:00:00]} Kc7 {[%emt 0:00:00]} 50. Kxg4 {[%emt 0:00:00]} Kd6 {[%emt 0:00:00]} 51. h4 {[%emt 0:00:00]} Ke6 {[%emt 0:00:00]} 52. Kg5 {[%emt 0:00:00]} Kf7 {[%emt 0:00:01]} 53. Kh6 {[%emt 0:00:00]} Kg8 {[%emt 0:00:01]} 54. g4 {[%emt 0:00:00]} Kh8 {[%emt 0:00:00]} 55. g5 {[%emt 0:00:00]} Kg8 {[%emt 0:00:00]} 56. f4 {[%emt 0:00:01]} Kh8 {[%emt 0:00:00]} 57. f5 {[%emt 0:00:00]} Kg8 {[%emt 0:00:00]} 58. g6 {[%emt 0:00:01]} Kh8 {[%emt 0:00:00]} 59. f6 {[%emt 0:00:01]} Kg8 {[%emt 0:00:00]} 60. f7+ {[%emt 0:00:01]} Kf8 {[%emt 0:00:02]} 61. g7+ {[%emt 0:00:00]} Kxf7 {[%emt 0:00:00]} 62. Kh7 {[%emt 0:00:00]} Kf6 {[%emt 0:00:01]} 63. g8=Q {[%emt 0:00:00]} Kf5 {[%emt 0:00:00]} 64. Qg5+ {[%emt 0:00:01]} Ke4 {[%emt 0:00:01]} 65. Kg6 {[%emt 0:00:00]} Kf3 {[%emt 0:00:00]} 66. h5 {[%emt 0:00:00]} Ke4 {[%emt 0:00:00]} 67. h6 {[%emt 0:00:00]} Kf3 {[%emt 0:00:00]} 68. h7 {[%emt 0:00:00]} Ke4 {[%emt 0:00:00]} 69. h8=Q {[%emt 0:00:00]} Kf3 {[%emt 0:00:01]} 70. Qhh4 {[%emt 0:00:00]} Ke2 {[%emt 0:00:01]} 71. Qgg3 {[%emt 0:00:00]} Kf1 {[%emt 0:00:00]} 72. Qhh3+ {[%emt 0:00:02]} Ke2 {[%emt 0:00:02]} 73. Qhh2+ {[%emt 0:00:01]} Kf1 {[%emt 0:00:01]} 74. Qgg1# {[%emt 0:00:00] (Lag: Av=0.54s, max=1.3s)} 1-0

[Event "Moniek_Janssen's Schweizer System"]
[Site "T#646157Emanuel Laske"]
[Date "2020.05.18"]
[Round "4"]
[White "Trotsky"]
[Black "Log"]
[Result "1-0"]
[WhiteElo "1549"]
[BlackElo "1638"]
[Annotator "NA RC"]
[PlyCount "53"]
[EventDate "2020.05.18"]
[EventType "swiss (blitz)"]

1. d4 {[%emt 0:00:01]} Nf6 {[%emt 0:00:01]} 2. e3 {[%emt 0:00:00]} g6 {[%emt 0:00:01]} 3. c4 {[%emt 0:00:01]} Bg7 {[%emt 0:00:00]} 4. Nc3 {[%emt 0:00:01]} d5 {[%emt 0:00:00]} 5. Bd3 {[%emt 0:00:01]} O-O {[%emt 0:00:01]} 6. Qc2 {[%emt 0:00:01]} c5 {[%emt 0:00:02]} 7. Nf3 {[%emt 0:00:01]} dxc4 {[%emt 0:00:02]} 8. Bxc4 {[%emt 0:00:01]} Nc6 {[%emt 0:00:04]} 9. a3 {[%emt 0:00:02]} cxd4 {[%emt 0:00:01]} 10. Ne4 {[%emt 0:00:03]} Bf5 {[%emt 0:00:08]} 11. Bd3 {[%emt 0:00:04]} Nxe4 {[%emt 0:00:02]} 12. Bxe4 {[%emt 0:00:02]} Bxe4 {[%emt 0:00:02]} 13. Qxe4 {[%emt 0:00:01]} dxe3 {[%emt 0:00:02]} 14. Bxe3 {[%emt 0:00:02]} Rc8 {[%emt 0:00:01]} 15. Rd1 {[%emt 0:00:08]} Qa5+ {[%emt 0:00:02]} 16. Kf1 {[%emt 0:00:01]} Qb5+ {[%emt 0:00:03]} 17. Kg1 {[%emt 0:00:02]} Qxb2 {[%emt 0:00:01]} 18. h4 {[%emt 0:00:03]} h5 {[%emt 0:00:02]} 19. Ng5 {[%emt 0:00:01]} Qf6 {[%emt 0:00:02]} 20. Rf1 {[%emt 0:00:03]} Rfd8 {[%emt 0:00:01]} 21. g4 {[%emt 0:00:01]} hxg4 {[%emt 0:00:02]} 22. h5 {[%emt 0:00:01]} Qf5 {[%emt 0:00:10]} 23. Qxf5 {[%emt 0:00:04]} gxf5 {[%emt 0:00:01]} 24. h6 {[%emt 0:00:01]} Bf6 {[%emt 0:00:04]} 25. h7+ {[%emt 0:00:04]} Kg7 {[%emt 0:00:01]} 26. Rh5 {[%emt 0:00:05]} Rh8 {[%emt 0:00:02]} 27. Kg2 {[%emt 0:00:01] Time (Lag: Av=0.53s, max=0.9s)} 1-0

[Event "Moniek_Janssen's Schweizer System"]
[Site "T#646157Emanuel Laske"]
[Date "2020.05.18"]
[Round "5"]
[White "Toosieslide"]
[Black "Don59as"]
[Result "0-1"]
[WhiteElo "2173"]
[BlackElo "2030"]
[Annotator "NA RC"]
[PlyCount "144"]
[EventDate "2020.05.18"]
[EventType "swiss (blitz)"]

1. d4 {[%emt 0:00:01]} d5 {[%emt 0:00:01]} 2. c3 {[%emt 0:00:00]} e6 {[%emt 0:00:00]} 3. Nf3 {[%emt 0:00:00]} Nf6 {[%emt 0:00:00]} 4. Bf4 {[%emt 0:00:00]} Be7 {[%emt 0:00:00]} 5. e3 {[%emt 0:00:01]} O-O {[%emt 0:00:01]} 6. Nbd2 {[%emt 0:00:00]} Nbd7 {[%emt 0:00:01]} 7. Bd3 {[%emt 0:00:00]} c5 {[%emt 0:00:01]} 8. Ne5 {[%emt 0:00:00]} b6 {[%emt 0:00:01]} 9. Qf3 {[%emt 0:00:01]} Bb7 {[%emt 0:00:01]} 10. Qh3 {[%emt 0:00:01]} g6 {[%emt 0:00:01]} 11. Bh6 {[%emt 0:00:02]} Re8 {[%emt 0:00:02]} 12. Ndf3 {[%emt 0:00:00]} Ne4 {[%emt 0:00:02]} 13. O-O {[%emt 0:00:11]} Nxe5 {[%emt 0:00:04]} 14. Nxe5 {[%emt 0:00:01]} Bf6 {[%emt 0:00:01]} 15. f3 {[%emt 0:00:01]} Nd6 {[%emt 0:00:04]} 16. Bf4 {[%emt 0:00:04]} Nf5 {[%emt 0:00:03]} 17. Ng4 {[%emt 0:00:02]} Bg7 {[%emt 0:00:01]} 18. Bxf5 {[%emt 0:00:02]} exf5 {[%emt 0:00:01]} 19. Nh6+ {[%emt 0:00:03]} Bxh6 {[%emt 0:00:01]} 20. Qxh6 {[%emt 0:00:01]} f6 {[%emt 0:00:02]} 21. Rae1 {[%emt 0:00:02]} Qe7 {[%emt 0:00:01]} 22. Bg3 {[%emt 0:00:02]} Qg7 {[%emt 0:00:01]} 23. Qxg7+ {[%emt 0:00:01]} Kxg7 {[%emt 0:00:01]} 24. Rf2 {[%emt 0:00:01]} Kf7 {[%emt 0:00:01]} 25. Rfe2 {[%emt 0:00:01]} Re6 {[%emt 0:00:01]} 26. Kf2 {[%emt 0:00:01]} Rae8 {[%emt 0:00:01]} 27. dxc5 {[%emt 0:00:00]} bxc5 {[%emt 0:00:01]} 28. Rd2 {[%emt 0:00:00]} g5 {[%emt 0:00:01]} 29. h4 {[%emt 0:00:01]} h5 {[%emt 0:00:01]} 30. hxg5 {[%emt 0:00:01]} fxg5 {[%emt 0:00:00]} 31. f4 {[%emt 0:00:00]} h4 {[%emt 0:00:02]} 32. Bh2 {[%emt 0:00:01]} g4 {[%emt 0:00:01]} 33. g3 {[%emt 0:00:01]} h3 {[%emt 0:00:01]} 34. Red1 {[%emt 0:00:00]} Re4 {[%emt 0:00:01]} 35. Re1 {[%emt 0:00:01]} d4 {[%emt 0:00:01]} 36. cxd4 {[%emt 0:00:01]} cxd4 {[%emt 0:00:01]} 37. Rxd4 {[%emt 0:00:00]} Rxd4 {[%emt 0:00:01]} 38. exd4 {[%emt 0:00:00]} Rxe1 {[%emt 0:00:00]} 39. Kxe1 {[%emt 0:00:00]} Bd5 {[%emt 0:00:01]} 40. b3 {[%emt 0:00:01]} Ke6 {[%emt 0:00:01]} 41. Kd2 {[%emt 0:00:00]} Be4 {[%emt 0:00:00]} 42. Ke3 {[%emt 0:00:01]} Kd5 {[%emt 0:00:00]} 43. Bg1 {[%emt 0:00:00]} Bb1 {[%emt 0:00:00]} 44. a3 {[%emt 0:00:01]} Ba2 {[%emt 0:00:00]} 45. b4 {[%emt 0:00:01]} Bc4 {[%emt 0:00:00]} 46. Bf2 {[%emt 0:00:01]} Bb3 {[%emt 0:00:01]} 47. Bg1 {[%emt 0:00:01]} Kc4 {[%emt 0:00:01]} 48. Bh2 {[%emt 0:00:00]} Bc2 {[%emt 0:00:01]} 49. Bg1 {[%emt 0:00:01]} Be4 {[%emt 0:00:00]} 50. Kd2 {[%emt 0:00:01]} Kb3 {[%emt 0:00:00]} 51. Ke3 {[%emt 0:00:01]} Bd5 {[%emt 0:00:01]} 52. b5 {[%emt 0:00:00]} Kxa3 {[%emt 0:00:01]} 53. Kd3 {[%emt 0:00:00]} Kb4 {[%emt 0:00:01]} 54. Bh2 {[%emt 0:00:00]} Kxb5 {[%emt 0:00:01]} 55. Kc3 {[%emt 0:00:00]} a5 {[%emt 0:00:00]} 56. Bg1 {[%emt 0:00:00]} a4 {[%emt 0:00:00]} 57. Bh2 {[%emt 0:00:00]} a3 {[%emt 0:00:01]} 58. Bg1 {[%emt 0:00:00]} a2 {[%emt 0:00:00]} 59. Kb2 {[%emt 0:00:00]} Kb4 {[%emt 0:00:01]} 60. Bh2 {[%emt 0:00:00]} Kc4 {[%emt 0:00:01]} 61. Bg1 {[%emt 0:00:00]} Kd3 {[%emt 0:00:01]} 62. Ka1 {[%emt 0:00:00]} Ke2 {[%emt 0:00:00]} 63. Kb2 {[%emt 0:00:01]} Kf1 {[%emt 0:00:00]} 64. Bh2 {[%emt 0:00:00]} Kg2 {[%emt 0:00:01]} 65. Bg1 {[%emt 0:00:00]} Kxg1 {[%emt 0:00:01]} 66. Ka1 {[%emt 0:00:00]} h2 {[%emt 0:00:00]} 67. Kb2 {[%emt 0:00:00]} h1=Q {[%emt 0:00:00]} 68. Ka3 {[%emt 0:00:00]} Qe4 {[%emt 0:00:00]} 69. Kb4 {[%emt 0:00:00]} a1=Q {[%emt 0:00:01]} 70. Kb5 {[%emt 0:00:00]} Qc3 {[%emt 0:00:01]} 71. Kb6 {[%emt 0:00:00]} Qb1+ {[%emt 0:00:00]} 72. Ka6 {[%emt 0:00:02]} Qca1# {[%emt 0:00:00] (Lag: Av=0.74s, max=1.7s)} 0-1

[Event "Moniek_Janssen's Schweizer System"]
[Site "T#646157Emanuel Laske"]
[Date "2020.05.18"]
[Round "5"]
[White "Little champs"]
[Black "Mepe_Nika"]
[Result "1/2-1/2"]
[WhiteElo "2157"]
[BlackElo "2331"]
[Annotator "TA"]
[PlyCount "122"]
[EventDate "2020.05.18"]
[EventType "swiss (blitz)"]

{[%evp 9,122,14,13,6,7,0,2,-12,0,-48,-3,-18,-13,-6,0,-9,25,31,18,9,27,27,27,0,6,-9,-1,-14,0,0,0,7,9,9,12,0,0,0,0,0,0,-154,-31,-32,-22,-82,-76,-99,-80,-108,-108,-122,-78,-77,-39,-56,-46,-84,-44,-103,-43,-43,-19,-69,-69,-78,-15,-75,-18,-60,0,0,0,0,0,0,9,0,0,0,0,0,0,0,0,0,0,0,0,0,0,0,0,0,0,0,0,0,0,0,0,0,0,0,0,0,0,0,0,0,0,0,0,0,0]} 1. d4 Nf6 2. e3 d5 3. Nf3 c6 4. Be2 Bg4 5. O-O Nbd7 6. c3 {D04: Colle System.} e6 7. c4 Bd6 8. Nc3 {[#]} O-O $146 ({Predecessor:} 8... Qc7 9. h3 Bh5 10. Bd2 O-O 11. c5 Be7 12. b4 Bxf3 13. Bxf3 e5 14. a4 e4 15. Be2 b6 16. Qc2 bxc5 17. bxc5 a5 18. Rfb1 Rfb8 19. Ra2 {½-½ (20) Juergens,P (1835)-Usachyi,M (2040) Bad Zwischenahn 2003}) 9. h3 Bh5 (9... Bxf3 $5 10. Bxf3 dxc4 $15) 10. Nd2 (10. b3 {seems wilder.} Ne4 11. Bb2 Ndf6 12. Nd2 Bg6 13. Ncxe4 Nxe4 14. c5) 10... Bxe2 11. Qxe2 e5 12. dxe5 Nxe5 13. cxd5 cxd5 14. Nf3 Rc8 15. Rd1 Bb8 16. Bd2 Qd6 17. g3 Qe6 18. Kg2 h6 19. Be1 Nxf3 20. Qxf3 {[%cal Rc3d5]} Rfd8 21. Rac1 Ne4 22. Nxe4 dxe4 23. Rxd8+ (23. Qe2 {with more complications.} Be5 24. Rxd8+ Rxd8 25. Qb5 b6 26. Bc3) 23... Rxd8 24. Qe2 Qxa2 25. Qc4 $2 (25. Rd1 $11 Rxd1 26. Qxd1) 25... Qxc4 (25... Qxb2 $17 26. Rc3 Qa1) 26. Rxc4 $17 {[%mdl 4096] Endgame KRB-KRB} f5 27. Bc3 (27. g4 $11) 27... Kf7 28. g4 {[#]} g6 $1 29. gxf5 gxf5 30. f3 exf3+ 31. Kxf3 Bd6 32. Rd4 Ke6 33. Rc4 Rd7 34. e4 (34. Rc8 $15) 34... fxe4+ (34... Rf7 $17 {Threatens to win with ...fxe4+.} 35. Ke3 a6) 35. Rxe4+ $15 Kf7 36. Rh4 Kg6 37. Rg4+ Kh7 (37... Kh5 $17) 38. Re4 (38. Ke4 $11 {keeps the balance.}) 38... b5 ({Black should try} 38... Re7 $17) 39. Re6 a5 ({Black should play} 39... b4 $15 40. Bf6 Bc5) 40. Bd2 {The position is equal.} Bf8 41. Bxa5 Rf7+ 42. Ke4 Bg7 43. Bc3 (43. b4 {keeps more tension.} Rd7 44. Bb6 Rd2 45. Bc5 Rh2 46. Rb6) 43... Bxc3 44. bxc3 $11 {KR-KR} Rc7 45. Kd3 Rc5 46. Re4 Rh5 47. h4 Rf5 48. Kd4 Kg6 49. Re5 Rxe5 50. Kxe5 {KPP-KPP} Kh5 51. Kd5 $1 Kxh4 {[#] ...h5 is the strong threat. KPP-KP} 52. Kc5 Kg5 53. Kxb5 {KP-KP} h5 54. c4 h4 55. c5 h3 56. c6 h2 57. c7 h1=Q {( -> ...Qb7+)} 58. c8=Q Qb1+ 59. Kc6 Qf5 60. Qg8+ Qg6+ 61. Qxg6+ Kxg6 {Accuracy: White = 79%, Black = 77%.} 1/2-1/2

[Event "Moniek_Janssen's Schweizer System"]
[Site "T#646157Emanuel Laske"]
[Date "2020.05.18"]
[Round "5"]
[White "Weltszmerc"]
[Black "Lamborghini"]
[Result "0-1"]
[WhiteElo "2109"]
[BlackElo "2311"]
[Annotator "TA"]
[PlyCount "110"]
[EventDate "2020.05.18"]
[EventType "swiss (blitz)"]

{[%evp 15,110,14,4,0,0,0,0,1,14,-8,-3,-20,8,0,0,-5,19,21,24,27,24,-43,19,12,12,12,12,6,18,0,10,0,0,0,11,0,0,0,12,0,0,0,36,6,39,36,62,0,16,0,24,8,11,0,30,16,112,0,0,0,0,0,0,-7,-7,-26,0,-26,-26,-149,-149,-140,-139,-586,-26,-555,-26,-26,-26,-171,-189,-184,-196,-919,-971,-914,-766,-766,0,-766,0,-740,-718,-29967,-29967,-29963,-29957]} 1. d4 Nf6 2. c4 g6 3. Nc3 Bg7 4. e4 O-O 5. f3 d6 6. Nge2 a6 7. Be3 Nc6 8. d5 Ne5 9. b3 {E83: King's Indian: Sämisch Panno (6...Nc6): Lines without either Nge2 or Qd2.} c5 10. dxc6 bxc6 11. Qd2 {[#] The position is equal.} c5 $146 ({Predecessor:} 11... Bb7 12. O-O-O a5 13. f4 Ned7 14. Qc2 c5 15. a4 Qb6 16. Nd5 Bxd5 17. exd5 Rab8 {0-1 (35) Andreev,S (2051)-Genova,L (2221) Albena 2009}) 12. Nf4 Nc6 13. Nfd5 Nxd5 14. exd5 Nd4 (14... Qa5 $5 15. Rc1 $8 Nd4 $11) 15. Bd3 e5 16. dxe6 fxe6 17. O-O Bb7 {[%cal Rb7f3]} 18. Bg5 {[#]} (18. Bh6 $11) 18... Qd7 (18... Nxb3 $1 $15 {[%mdl 512]} 19. axb3 Bxc3 20. Qxc3 Qxg5) 19. Bh6 $11 Bxh6 20. Qxh6 Qg7 21. Qxg7+ Kxg7 22. Rae1 Rae8 23. Be4 Bc8 24. Bd3 h6 25. Ne4 Rd8 26. Nc3 (26. Rb1 {keeps more tension.} a5 27. Nc3 e5 28. Nb5 g5 29. Be4) 26... Bb7 27. Ne2 (27. Rb1 {feels hotter.} a5 28. a3 Ra8 29. Rfd1 Bc6 30. b4) 27... Nxe2+ 28. Rxe2 Rfe8 29. Rfe1 Bc8 30. Be4 Kf6 31. Bc6 ({White should play} 31. Kf2 $14) 31... Re7 32. Bd5 a5 (32... Rde8 $5 {[%cal Re6d5]} 33. Bc6 Rd8 $14) 33. f4 Bd7 34. g3 Rde8 35. Bf3 e5 (35... Rc8 $11) 36. fxe5+ (36. Rd2 $16) 36... Rxe5 37. Kf2 Rxe2+ 38. Rxe2 Rxe2+ 39. Kxe2 {[%mdl 4096] Endgame KB-KB} Ke5 40. Ke3 g5 41. h4 Bf5 42. Bd1 (42. hxg5 $11 hxg5 43. Bc6) 42... Bb1 $17 43. a3 Bf5 44. a4 $2 {[%mdl 8192]} (44. hxg5 $17 hxg5 45. Kd2) 44... Bb1 $2 (44... gxh4 $19 45. gxh4 Be4) 45. Kd2 $2 {[%mdl 8192]} (45. hxg5 $11 {and White is okay.} hxg5 46. Kd2) 45... Kd4 $2 (45... gxh4 $19 {...h3 is the strong threat.} 46. gxh4 Kf4) 46. hxg5 $1 $11 hxg5 47. Bf3 {[#]} (47. Bg4 $11 {and White has nothing to worry.}) 47... Be4 $1 $19 {[%cal Re4f3]} 48. Bd1 d5 49. cxd5 $2 (49. Be2) 49... Bxd5 50. Bc2 Be4 51. Bd1 Bd5 52. Bc2 Ke5 $2 ({Better is} 52... Bg8 $19 {White must now prevent ...Bf7.} 53. Bd1 Bd5) 53. Bd1 $2 {[%mdl 8192] [#]} (53. Kc3 $11) 53... Ke4 $1 54. Bc2+ Kf3 55. Bd1+ Kxg3 {Accuracy: White = 57%, Black = 67%.} 0-1

[Event "Moniek_Janssen's Schweizer System"]
[Site "T#646157Emanuel Laske"]
[Date "2020.05.18"]
[Round "5"]
[White "Lazieri3"]
[Black "Trotsky"]
[Result "1-0"]
[WhiteElo "2100"]
[BlackElo "1570"]
[Annotator "TA"]
[PlyCount "39"]
[EventDate "2020.05.18"]
[EventType "swiss (blitz)"]

{[%evp 9,39,-14,0,0,0,-6,8,-51,-43,-28,19,0,100,0,67,61,185,0,217,197,185,181,242,173,511,524,691,681,29999,708,29998,29999]} 1. e4 c5 2. Nc3 e6 3. d3 d5 4. exd5 exd5 5. d4 Be6 6. Nf3 {B23: Closed Sicilian: Lines without g3.} Nc6 7. Bg5 Nf6 8. dxc5 ({Better is} 8. Bb5 $11) 8... Bxc5 $15 {[#]} 9. Bd3 $146 ({Predecessor:} 9. Bb5 a6 10. Ba4 O-O 11. O-O Bb4 12. Bxf6 Qxf6 13. Nxd5 Qxb2 14. Rb1 Qxa2 15. Bxc6 bxc6 16. Nxb4 {0-1 (47) Cespedes Llaverias,L (1353)-Morales Fajarnes,A (1731) Barcelona 2013}) 9... Qc7 10. O-O O-O-O (10... Qd8 $11) 11. h3 ({White should try} 11. Nb5 $16 Qb6 12. Bf4) 11... h5 (11... h6 $11 12. Bd2 a6 {[%mdl 64] Decoy}) 12. Nb5 $36 {[%mdl 2048] White is pushing.} Qb8 (12... Qb6 $1 $14) 13. Qd2 $2 {[#]} (13. Qc1 $18) 13... Bd6 $2 (13... Ne4 $1 $11 {and Black stays safe.} 14. Qe1 a6) 14. Nxd6+ Qxd6 15. Bf4 Qd7 (15... Qe7 $142 16. Ne5 Qc5 17. Nxc6 bxc6) 16. Bb5 a6 $2 (16... Ne4 17. Qe3 Qe7 18. Bxc6 bxc6) 17. Ne5 $18 {[#] And now Nxc6 would win.} Qc7 18. Nxc6 Qb6 19. Nxd8 (19. Ne7# $142) 19... Qxd8 20. Qc3+ {Accuracy: White = 51%, Black =  8%.} 1-0

[Event "Moniek_Janssen's Schweizer System"]
[Site "T#646157Emanuel Laske"]
[Date "2020.05.18"]
[Round "5"]
[White "Log"]
[Black "SecantFX"]
[Result "0-1"]
[WhiteElo "1608"]
[BlackElo "1863"]
[Annotator "NA RC"]
[PlyCount "80"]
[EventDate "2020.05.18"]
[EventType "swiss (blitz)"]

1. b3 {[%emt 0:00:02]} b6 {[%emt 0:00:00]} 2. g3 {[%emt 0:00:01]} Bb7 {[%emt 0:00:00]} 3. Nf3 {[%emt 0:00:00]} c6 {[%emt 0:00:00]} 4. Bg2 {[%emt 0:00:01]} e6 {[%emt 0:00:00]} 5. O-O {[%emt 0:00:01]} Nf6 {[%emt 0:00:00]} 6. Bb2 {[%emt 0:00:01]} Be7 {[%emt 0:00:00]} 7. d3 {[%emt 0:00:00]} O-O {[%emt 0:00:01]} 8. c4 {[%emt 0:00:00]} d5 {[%emt 0:00:00]} 9. Nbd2 {[%emt 0:00:00]} Nbd7 {[%emt 0:00:01]} 10. Qc2 {[%emt 0:00:01]} Rc8 {[%emt 0:00:01]} 11. a3 {[%emt 0:00:00]} c5 {[%emt 0:00:01]} 12. Rad1 {[%emt 0:00:01]} d4 {[%emt 0:00:00]} 13. e3 {[%emt 0:00:02]} e5 {[%emt 0:00:01]} 14. e4 {[%emt 0:00:02]} a6 {[%emt 0:00:01]} 15. Nh4 {[%emt 0:00:01]} h6 {[%emt 0:00:00]} 16. f4 {[%emt 0:00:01]} exf4 {[%emt 0:00:02]} 17. gxf4 {[%emt 0:00:01]} Nh7 {[%emt 0:00:00]} 18. Nf5 {[%emt 0:00:02]} Bf6 {[%emt 0:00:01]} 19. e5 {[%emt 0:00:01]} Be7 {[%emt 0:00:00]} 20. Bxb7 {[%emt 0:00:02]} Rb8 {[%emt 0:00:02]} 21. Bd5 {[%emt 0:00:01]} Re8 {[%emt 0:00:02]} 22. Nf3 {[%emt 0:00:02]} Ndf8 {[%emt 0:00:01]} 23. Ng3 {[%emt 0:00:02]} Ne6 {[%emt 0:00:01]} 24. f5 {[%emt 0:00:01]} Nf4 {[%emt 0:00:01]} 25. Bc1 {[%emt 0:00:02]} Nxd5 {[%emt 0:00:02]} 26. cxd5 {[%emt 0:00:02]} Qxd5 {[%emt 0:00:00]} 27. Ne4 {[%emt 0:00:01]} Rbc8 {[%emt 0:00:05]} 28. Kh1 {[%emt 0:00:02]} b5 {[%emt 0:00:01]} 29. Rg1 {[%emt 0:00:01]} c4 {[%emt 0:00:01]} 30. bxc4 {[%emt 0:00:01]} bxc4 {[%emt 0:00:00]} 31. Rg3 {[%emt 0:00:03]} cxd3 {[%emt 0:00:01]} 32. Qxd3 {[%emt 0:00:01]} Ng5 {[%emt 0:00:05]} 33. Nfxg5 {[%emt 0:00:02]} hxg5 {[%emt 0:00:00]} 34. Bxg5 {[%emt 0:00:01]} Bxg5 {[%emt 0:00:01]} 35. Rxg5 {[%emt 0:00:01]} f6 {[%emt 0:00:00]} 36. exf6 {[%emt 0:00:01]} Rxe4 {[%emt 0:00:03]} 37. Rxg7+ {[%emt 0:00:01]} Kf8 {[%emt 0:00:01]} 38. Qf3 {[%emt 0:00:03]} Re1+ {[%emt 0:00:02]} 39. Kg2 {[%emt 0:00:02]} Qxf3+ {[%emt 0:00:03]} 40. Kxf3 {[%emt 0:00:00]} Rxd1 {[%emt 0:00:01] Log resigns (Lag: Av=0.65s, max=1.2s)} 0-1